The life era : cosmic selection and conscious evolution /

Saved in:
Bibliographic Details
Main Author: Chaisson, Eric
Format: Book
Language:English
Published: New York : Atlantic Monthly Press, c1987.
Edition:1st ed.
Series:Evolutionary synthesis series
Subjects:
LEADER 01146nam a2200289 a 4500
001 c000009751
003 CARM
005 00000000000000.0
008 870105s1987 nyua b 00010 eng
019 1 |a 5017566  |z 27558833  |5 LACONCORD2021 
020 |a 0871130629 
035 |a (OCoLC)15108372  |5 LACONCORD2021 
050 0 0 |a QB981  |b .C416 1987 
100 1 |a Chaisson, Eric. 
245 1 4 |a The life era :  |b cosmic selection and conscious evolution /  |c Eric Chaisson ; illustration by Lola Judith Chaisson. 
250 |a 1st ed. 
260 |a New York :  |b Atlantic Monthly Press,  |c c1987. 
300 |a vii, 259 p. :  |b ill. ;  |c 24 cm. 
440 0 |a Evolutionary synthesis series 
500 |a The present volume is the second entry of a planned trilogy of semi-technical works on cosmic evolution. 
504 |a Bibliography: p. 257-259. 
650 0 |a Cosmology. 
650 0 |a Life  |x Origin. 
852 8 |b CARM  |h A2:AE19E0  |i C00231  |p 0012464  |f BK 
082 0 4 |a 523.1  |2 19 
999 f f |i 472eef89-4ab4-5351-baa1-81dd18ae1f82  |s 1045acf5-673f-56fd-a09b-b31d2fbecb63 
952 f f |p Can circulate  |a CAVAL  |b CAVAL  |c CAVAL  |d CARM 1 Store  |e C00231  |f A2:AE19E0  |h Other scheme  |i book  |m 0012464